ECKM 2011 12th European Conference on Knowledge Management (Passau, Germany)

Gespeichert in:
Bibliographische Detailangaben
Format: Buch
Sprache:Englisch
Veröffentlicht: [S.l.] [s.n.] [2011]
Schlagworte:
Tags: Tag hinzufügen
Keine Tags, Fügen Sie das erste Tag hinzu!

MARC

LEADER 00000nam a2200000 4500
001 0237001
005 20230728113037.5
041 0 |a eng 
044 |a DE 
245 1 0 |a ECKM 2011  |b 12th European Conference on Knowledge Management (Passau, Germany) 
264 1 |a [S.l.]  |b [s.n.]  |c [2011] 
300 |a CD-ROM 
610 2 0 |a vedomosti 
610 2 0 |a riadenie znalostí 
610 2 0 |a spolupráca medzinárodná 
610 2 0 |a Európa